La Planificación y el progreso socioeconómico /

Guardat en:
Dades bibliogràfiques
Autor principal: Smiknov, Gleb
Format: Text
Etiquetes: Afegir etiqueta
Sense etiquetes, Sigues el primer a etiquetar aquest registre!

MARC

LEADER 00000 a a2200000 04500
001 3136
003
040
100 |a Smiknov, Gleb  
245 |a La Planificación y el progreso socioeconómico /  |c Gleb Smiknov 
773 |g número 1; páginas 116-178  
999 |c 26605  |d 26605